| 000 | 00807cam a22002657a 4500 | ||
|---|---|---|---|
| 999 |
_c8340 _d8340 |
||
| 001 | 3012610 | ||
| 003 | GZU | ||
| 005 | 20210519115359.0 | ||
| 008 | 940526s1991 rh 000 0 sna | ||
| 010 | _a 93982857 | ||
| 020 | _a0869225111 | ||
| 040 |
_aDLC _cDLC _dDLC |
||
| 042 | _alcode | ||
| 050 | 0 | 0 |
_aPL8681 _bMAN 1991 |
| 100 | 1 |
_aManyimbiri, Felix. _eauthor |
|
| 245 | 1 | 0 |
_aMudzimu wakupe chironda-- / _cFelix Manyimbiri. |
| 260 |
_aGweru, Zimbabwe : _bMambo Press, _c1991. |
||
| 300 |
_a67 p. ; _c21 cm. |
||
| 490 | 1 |
_aMambo writers series. Shona section ; _vvol. 31 |
|
| 520 | _aA novel. | ||
| 830 | 0 |
_aMambo writers series. _pShona section _vv. 31. |
|
| 906 |
_a7 _bcbc _corigode _du _encip _f19 _gy-gencatlg |
||
| 942 |
_2lcc _cBK _h8681 _iMAN _kPL |
||